<?xml version="1.0" encoding="UTF-8"?>
<record
    xmlns:xsi="http://www.w3.org/2001/XMLSchema-instance"
    xsi:schemaLocation="http://www.loc.gov/MARC21/slim http://www.loc.gov/standards/marcxml/schema/MARC21slim.xsd"
    xmlns="http://www.loc.gov/MARC21/slim">

  <leader>00519 am a22001815i 4500</leader>
  <datafield tag="999" ind1=" " ind2=" ">
    <subfield code="c">7908</subfield>
    <subfield code="d">7908</subfield>
  </datafield>
  <controlfield tag="001">991061125162506706</controlfield>
  <controlfield tag="003">OSt</controlfield>
  <controlfield tag="005">20240611134513.0</controlfield>
  <controlfield tag="008">A240506-----    ---|||||-|||||-|| -----|c</controlfield>
  <datafield tag="020" ind1=" " ind2=" ">
    <subfield code="a">9788417264451</subfield>
  </datafield>
  <datafield tag="040" ind1=" " ind2=" ">
    <subfield code="a">ES-BaUB</subfield>
    <subfield code="b">cat</subfield>
    <subfield code="e">rda</subfield>
    <subfield code="c">CDMR</subfield>
  </datafield>
  <datafield tag="100" ind1="1" ind2=" ">
    <subfield code="9">49</subfield>
    <subfield code="a">Gaziel</subfield>
    <subfield code="d">1887-1964</subfield>
  </datafield>
  <datafield tag="245" ind1=" " ind2=" ">
    <subfield code="a">Pl&#xE1;ticas literarias /</subfield>
    <subfield code="c">Gaziel ; edici&#xF3;n e introducci&#xF3;n de Francisco Fuster</subfield>
  </datafield>
  <datafield tag="264" ind1=" " ind2="1">
    <subfield code="a">Madrid :</subfield>
    <subfield code="b">Fundaci&#xF3;n Banco Santander ,</subfield>
    <subfield code="c">2024</subfield>
  </datafield>
  <datafield tag="300" ind1=" " ind2=" ">
    <subfield code="a">230 p&#xE0;gines</subfield>
  </datafield>
  <datafield tag="940" ind1=" " ind2=" ">
    <subfield code="a">UB</subfield>
  </datafield>
  <datafield tag="942" ind1=" " ind2=" ">
    <subfield code="2">udc</subfield>
    <subfield code="c">MON</subfield>
  </datafield>
  <datafield tag="952" ind1=" " ind2=" ">
    <subfield code="0">0</subfield>
    <subfield code="1">0</subfield>
    <subfield code="4">0</subfield>
    <subfield code="7">0</subfield>
    <subfield code="a">CDMR</subfield>
    <subfield code="b">CDMR</subfield>
    <subfield code="d">2024-06-11</subfield>
    <subfield code="e">Donaci&#xF3;</subfield>
    <subfield code="g">10.00</subfield>
    <subfield code="l">1</subfield>
    <subfield code="o">Du 5/57</subfield>
    <subfield code="p">CDMR24060004</subfield>
    <subfield code="r">2024-08-28</subfield>
    <subfield code="s">2024-07-04</subfield>
    <subfield code="w">2024-06-11</subfield>
    <subfield code="y">MON</subfield>
  </datafield>
</record>
